Parlament do kraju - Statystyki

Ogólne statystyki
  • Ten quiz został rozwiązany 264 razy
  • Średni wynik to 7 z 12
Statystyki odpowiedzi
Parlament Kraj % Poprawnych
Sejm Polska
100%
Bundestag Niemcy
89%
Duma Rosja
72%
Riksdagen Szwecja
58%
Seimas Litwa
51%
Stortinget Norwegia
47%
Saeima Lotwa
45%
Folketinget Dania
44%
Knesset Izrael
42%
Eduskunta Finlandia
39%
Kokkai (National Diet) Japonia
36%
Alþingi Islandia
29%
Nie znaleziono quizów pasujących do podanych kryteriów
Rozkład punktacji
Procent ludzi z każdym wynikiem
Percentyl według liczby udzielonych odpowiedzi
Twoja historia wyników
Nie rozwiązałeś tego quizu